[Event "Israeli Open Championship 2019"]
[Site "Jerusalem"]
[Date "2019.12.17"]
[Round "5.18"]
[White "Sobel, Alon"]
[Black "Tsirilman, Guy"]
[Result "0-1"]
[WhiteElo "1804"]
[BlackElo "1975"]
[Annotator "NA"]
[PlyCount "100"]
[EventDate "2019.12.12"]
[EventType "swiss"]
[EventCountry "ISR"]
[SourceTitle "playchess.com"]
[Source "ChessBase"]
[SourceQuality "1"]
[TimeControl "5400+30"]

1. d4 {[%emt 0:00:00]} Nf6 {[%emt 0:00:09]} 2. c4 {[%emt 0:00:00]} g6 {[%emt 0:00:34]} 3. Nc3 {[%emt 0:00:00]} Bg7 {[%emt 0:00:34]} 4. e4 {[%emt 0:00:16]} d6 {[%emt 0:00:25]} 5. f4 {[%emt 0:00:11]} O-O {[%emt 0:00:40]} 6. Nf3 {[%emt 0:00:05]} c5 {[%emt 0:00:35]} 7. d5 {[%emt 0:00:08]} e6 {[%emt 0:00:23]} 8. Be2 {[%emt 0:00:07]} exd5 {[%emt 0:00:18]} 9. cxd5 {[%emt 0:00:11]} Bg4 {[%emt 0:01:31]} 10. O-O {[%emt 0:01:32]} Nbd7 {[%emt 0:01:40]} 11. Re1 {[%emt 0:03:06]} Re8 {[%emt 0:01:51]} (11... Nh5 $11) 12. h3 {[%emt 0:03:18]} Bxf3 {[%emt 0:00:21]} 13. Bxf3 {[%emt 0:00:11]} Qa5 {[%emt 0:02:10]} 14. a4 {[%emt 0:13:59] A68: Modern Benoni: Four Pawns Attack without 9...Re8} (14. Be3 b5 15. a3 b4 16. axb4 Qxb4 17. Qc2 a5 18. Bf2 Rab8 19. Re2 Nh5 20. Bxh5 gxh5 21. Qd3 c4 22. Qf3 Nc5 23. Bxc5 Qxc5+ {1-0 (32) Cebalo,M (2520)-Cvitan,O (2538) Stari Mikanovci 2008}) 14... c4 {[%emt 0:06:41]} 15. Be3 {[%emt 0:06:34]} Nc5 {[%emt 0:04:25]} 16. Bxc5 {[%emt 0:03:56]} Qxc5+ {[%emt 0:01:40]} 17. Kh1 {[%emt 0:02:47]} Nd7 {[%emt 0:05:43]} 18. Qc2 {[%emt 0:02:10]} Qb4 {[%emt 0:07:32]} 19. Nb5 $146 {[%emt 0:08:38]} ({Predecessor:} 19. Be2 a6 20. a5 Nc5 21. Bf1 Rac8 {0-1 (40) Deatrick,A (2049)-Homa,S (2339) Cadillac 2011}) 19... Rec8 {[%emt 0:14:32]} ({Much worse is} 19... Bxb2 $6 20. Rab1 $11) ({Don't play} 19... Qxb2 $6 20. Qxb2 Bxb2 21. Rab1 $14) ({Black should try} 19... Red8 $17) 20. Bg4 {[%emt 0:00:45]} Rd8 $1 {[%emt 0:05:32]} 21. Bxd7 {[%emt 0:05:40]} Rxd7 {[%emt 0:00:57]} 22. Re2 {[%emt 0:01:43]} a6 {[%emt 0:05:45]} 23. Nc3 {[%emt 0:01:35]} Re8 {[%emt 0:01:22]} 24. Qd2 {[%emt 0:10:04]} Qa5 {[%emt 0:08:10]} 25. Qe1 {[%emt 0:01:34]} Rde7 {[%emt 0:01:49]} 26. g4 {[%emt 0:04:51]} (26. e5 $1 $11 {was the only way to keep the balance.}) 26... Bxc3 {[%emt 0:03:58]} 27. bxc3 $2 {[%emt 0:00:30]} (27. Qxc3 $17 Qxc3 28. bxc3) 27... Rxe4 {[%emt 0:02:29]} 28. Rxe4 {[%emt 0:00:14]} Qxd5 {[%emt 0:00:03]} 29. Rd1 {[%emt 0:02:01]} Qxe4+ {[%emt 0:00:33]} 30. Qxe4 {[%emt 0:00:08]} Rxe4 {[%emt 0:00:03]} 31. Kg2 {[%emt 0:02:02]} Re3 {[%emt 0:06:50]} 32. Rb1 {[%emt 0:01:09]} b5 {[%emt 0:07:19]} 33. axb5 {[%emt 0:00:00]} axb5 {[%emt 0:00:06]} 34. Rxb5 {[%emt 0:00:16]} Rxc3 {[%emt 0:00:05]} 35. Rd5 {[%emt 0:00:08]} Rd3 {[%emt 0:00:19]} 36. Rxd3 {[%emt 0:00:12]} cxd3 {[%emt 0:00:03]} 37. Kf3 {[%emt 0:00:01]} f5 {[%emt 0:00:45]} 38. gxf5 {[%emt 0:02:05]} gxf5 {[%emt 0:00:37]} 39. Ke3 {[%emt 0:00:07]} Kf7 {[%emt 0:06:10]} 40. Kxd3 {[%emt 0:00:08]} Ke6 {[%emt 0:00:44]} 41. Kd4 {[%emt 0:01:42]} d5 {[%emt 0:00:29]} 42. Kc5 {[%emt 0:01:25]} h6 {[%emt 0:00:35]} 43. h4 {[%emt 0:00:26]} h5 {[%emt 0:00:02]} 44. Kb4 {[%emt 0:01:37]} Kd6 {[%emt 0:00:15]} 45. Kb5 {[%emt 0:00:20]} d4 {[%emt 0:00:14]} 46. Kc4 {[%emt 0:00:12]} d3 {[%emt 0:00:05]} 47. Kc3 {[%emt 0:00:38]} Kc5 {[%emt 0:00:06]} 48. Kxd3 {[%emt 0:00:46]} Kd5 {[%emt 0:00:05]} 49. Ke3 {[%emt 0:00:21]} Kc4 {[%emt 0:00:31]} 50. Kf3 {[%emt 0:00:17]} Kd4 {[%emt 0:07:15]} 0-1

[Event "Israeli Open Championship 2019"]
[Site "Jerusalem"]
[Date "2019.12.18"]
[Round "6.1"]
[White "Mikhalevski, Victor"]
[Black "Nabaty, Tamir"]
[Result "1/2-1/2"]
[WhiteElo "2559"]
[BlackElo "2647"]
[Annotator "TA"]
[PlyCount "26"]
[EventDate "2019.12.12"]
[EventType "swiss"]
[EventCountry "ISR"]
[SourceTitle "playchess.com"]
[Source "ChessBase"]
[SourceQuality "1"]

{[%evp 9,26,6,10,13,13,12,15,16,20,25,46,53,128,131,155,158,160,158,184]} 1. d4 d5 2. c4 c6 3. cxd5 cxd5 4. Bg5 h6 5. Bh4 Qb6 6. Nc3 {D10: Slav Defence: 3 cxd5 (without early Nf3) and 3 Nc3} Qxb2 7. Nxd5 {[#] Hoping for Rb1.} e6 $1 {[%cal Re6d5]} 8. Rb1 {The position is equal.} ({Not} 8. Nc7+ $2 Kd7 $19) 8... Qa3 $1 9. Qc2 {[%cal Rc2c8]} Na6 10. e4 $40 {[%mdl 128] Bb5+ would kill now. White mounts an attack.} g5 $146 {[#]} ({Better is} 10... Qa5+ $14 11. Qc3 Qxc3+ 12. Nxc3 Bb4) ({Predecessor:} 10... Bd6 11. Bb5+ Kf8 {1-0 (28) Jones,G (2677)-Gukesh,D (2456) Douglas 2018}) 11. Bxa6 $1 $16 {White threatens Bb5+ and mate.} ({Avoid the trap} 11. Bb5+ $2 Kd8 $19) 11... exd5 {White is clearly better.} 12. Bb5+ Kd8 13. Bg3 {[%csl Gg3][%cal Rc2c7]} Qa5+ 1/2-1/2

[Event "Israeli Open Championship 2019"]
[Site "Jerusalem"]
[Date "2019.12.18"]
[Round "6.2"]
[White "Cohen Revivo, Shoham"]
[Black "Rechlis, Gad"]
[Result "0-1"]
[WhiteElo "2261"]
[BlackElo "2490"]
[Annotator "TA"]
[PlyCount "62"]
[EventDate "2019.12.12"]
[EventType "swiss"]
[EventCountry "ISR"]
[SourceTitle "playchess.com"]
[Source "ChessBase"]
[SourceQuality "1"]

{[%evp 10,62,35,0,22,8,25,8,31,23,19,7,29,7,22,4,45,42,48,63,131,147,122,110,126,118,125,41,45,33,152,36,44,48,41,0,12,-57,-55,-154,-154,-322,-310,-297,-304,-313,-322,-297,-303,-301,-311,-758,-740,-727,-737]} 1. e4 c5 2. Nf3 d6 3. d4 cxd4 4. Nxd4 Nf6 5. Nc3 e6 6. Bg5 h6 {B80: Sicilian Scheveningen: 6 g3 and 6 Be3, including English Attack} 7. Be3 (7. Bh4 Be7 8. Qd3 a6 9. O-O-O Nbd7 10. Be2 Qc7 11. f4 b5 12. Bf3 g5 13. e5 Nc5 14. Qe2 dxe5 15. fxe5 {0-1 (52) Jovanovic,Z (2541)-Kozul,Z (2631) Opatija 2015}) 7... Nc6 8. Be2 a6 {The position is equal.} 9. Qd2 Bd7 10. f3 b5 11. a3 $146 {[%mdl 2048] White has good play.} ({Predecessor:} 11. O-O Be7 12. a4 b4 13. Nd1 d5 14. Nxc6 Bxc6 15. e5 Nd7 16. f4 a5 {0-1 (32) Alice,M (2190)-Njili,K (2305) Maputo 2011}) 11... Be7 12. g4 Qb8 13. h4 Nxd4 14. Qxd4 Bc6 ({Black should play} 14... a5 $14) 15. O-O-O $1 $16 e5 16. Qd2 b4 17. axb4 Qxb4 18. Nd5 (18. Qd3 $16) 18... Nxd5 $14 19. exd5 Qa4 (19... Qxd2+ $14 20. Rxd2 Bd7) 20. Kb1 (20. Qc3 $1 $16 Bb7 21. b3) 20... Bb5 21. g5 Rb8 22. Bd3 h5 23. g6 (23. b3 $11 Bxd3 24. Qxd3) 23... Bf6 {aiming for ...e4!} 24. Bg5 ({Better is} 24. c4 $15 e4 25. Bc2 Qxc4 26. Bxe4) 24... Bxd3 $17 25. Qxd3 $2 {[#]} (25. cxd3 $17 fxg6 26. Bxf6 gxf6 27. d4) 25... Rxb2+ $1 $19 {[%mdl 512]} 26. Kxb2 e4+ $1 {[%mdl 64] Discovered Attack} 27. Bxf6 exd3 28. Rhe1+ {[#]} Kf8 $1 ({Less strong is} 28... Kd7 29. Re7+ Kc8 30. Rxd3 $15) 29. Be7+ {[#]} Kg8 $1 30. cxd3 $2 (30. Rxd3 Qb4+ 31. Rb3 Qd4+ {[%mdl 64] Double Attack} 32. Kc1 fxg6 33. Bxd6 Qxd5 34. Rd1) 30... fxg6 31. Bxd6 Kh7 {Accuracy: White = 22%, Black = 39%.} 0-1

[Event "Israeli Open Championship 2019"]
[Site "Jerusalem"]
[Date "2019.12.18"]
[Round "6.3"]
[White "Lahav, Michal"]
[Black "Iliaguev, Nisim"]
[Result "1-0"]
[WhiteElo "2244"]
[BlackElo "2275"]
[Annotator "NA"]
[PlyCount "99"]
[EventDate "2019.12.12"]
[EventType "swiss"]
[EventCountry "ISR"]
[SourceTitle "playchess.com"]
[Source "ChessBase"]
[SourceQuality "1"]
[TimeControl "5400+30"]

1. e4 {[%emt 0:00:00]} c6 {[%emt 0:00:06]} 2. Nc3 {[%emt 0:00:00]} d5 {[%emt 0:00:05]} 3. Nf3 {[%emt 0:00:00]} dxe4 {[%emt 0:00:06]} 4. Nxe4 {[%emt 0:00:06]} Nf6 {[%emt 0:00:05]} 5. Qe2 {[%emt 0:00:21]} Nxe4 {[%emt 0:00:12]} 6. Qxe4 {[%emt 0:00:04]} Qa5 {[%emt 0:00:13] B11: Caro-Kann: Two Knights Variation} 7. c3 $146 {[%emt 0:16:15]} (7. Bd3 Na6 8. Qe5 Qxe5+ 9. Nxe5 Nb4 10. Be4 f6 11. c3 Nd5 12. Nf3 a5 13. d4 a4 14. Bd2 {½-½ (41) Adams,M (2703)-Howell,D (2696) London 2018}) 7... Qf5 {[%emt 0:03:48]} 8. Qe3 {[%emt 0:02:44]} Qe6 {[%emt 0:06:48]} 9. d4 {[%emt 0:00:20]} Qxe3+ {[%emt 0:00:06]} 10. Bxe3 {[%emt 0:04:23]} Bf5 {[%emt 0:02:29]} 11. Bc4 {[%emt 0:02:25]} e6 {[%emt 0:00:56]} 12. Bf4 {[%emt 0:00:52]} Nd7 {[%emt 0:03:00]} 13. O-O {[%emt 0:04:39]} Be7 {[%emt 0:01:48]} 14. Rfe1 {[%emt 0:00:12]} O-O {[%emt 0:02:05]} 15. Bb3 {[%emt 0:01:06]} Bf6 {[%emt 0:07:58]} 16. h3 {[%emt 0:01:16]} Rac8 {[%emt 0:05:04]} 17. Ne5 {[%emt 0:18:12]} Nxe5 {[%emt 0:01:30]} 18. Bxe5 {[%emt 0:00:18]} Bxe5 {[%emt 0:00:16]} 19. Rxe5 {[%emt 0:00:37]} Rfd8 {[%emt 0:00:22]} 20. Rd1 {[%emt 0:05:32]} Rc7 {[%emt 0:02:14]} 21. g4 {[%emt 0:06:56]} Bg6 {[%emt 0:00:25]} 22. Kg2 {[%emt 0:00:03]} Kf8 {[%emt 0:01:17]} 23. Kg3 {[%emt 0:00:06]} b6 {[%emt 0:01:25]} 24. f4 {[%emt 0:05:08]} h6 {[%emt 0:01:06]} 25. Ree1 {[%emt 0:07:07]} Rcd7 {[%emt 0:01:11]} 26. Kf3 {[%emt 0:00:08]} Rd6 {[%emt 0:01:00]} 27. Kf2 {[%emt 0:00:26]} a5 {[%emt 0:02:26]} 28. a3 {[%emt 0:02:06]} c5 {[%emt 0:02:31]} 29. dxc5 {[%emt 0:02:53]} bxc5 {[%emt 0:00:10]} 30. Rxd6 {[%emt 0:00:09]} Rxd6 {[%emt 0:00:01]} 31. Bc4 {[%emt 0:00:03]} Rb6 {[%emt 0:13:37]} 32. Re2 {[%emt 0:00:16]} Bh7 {[%emt 0:00:10]} 33. Kf3 {[%emt 0:06:45]} Ke7 {[%emt 0:05:14]} 34. a4 {[%emt 0:04:38]} Bb1 {[%emt 0:04:18]} 35. Re5 $11 {[%emt 0:05:21]} Rc6 {[%emt 0:20:10]} 36. Re2 {[%emt 0:00:12]} f6 {[%emt 0:02:19]} 37. Ke3 {[%emt 0:06:13]} Rd6 {[%emt 0:02:13]} 38. Re1 {[%emt 0:00:33]} Bc2 {[%emt 0:01:42]} 39. b3 {[%emt 0:00:26]} Rd1 {[%emt 0:03:00]} 40. Re2 {[%emt 0:00:00]} Bb1 {[%emt 0:01:52]} 41. Kf2 {[%emt 0:00:16]} Rd6 {[%emt 0:00:22]} 42. b4 {[%emt 0:01:19]} cxb4 {[%emt 0:00:39]} 43. cxb4 {[%emt 0:00:01]} axb4 {[%emt 0:00:29]} 44. Rb2 {[%emt 0:00:01]} Rd4 {[%emt 0:02:09]} 45. Rxb4 {[%emt 0:00:42]} Rxf4+ {[%emt 0:01:15]} 46. Kg3 {[%emt 0:00:01]} g5 {[%emt 0:00:44]} 47. a5 {[%emt 0:00:41]} Be4 {[%emt 0:00:44]} 48. Be2 {[%emt 0:00:55]} Bf3 {[%emt 0:01:01]} 49. Rxf4 {[%emt 0:00:05]} Bxe2 {[%emt 0:00:15]} 50. Rb4 {[%emt 0:00:15]} 1-0

[Event "Israeli Open Championship 2019"]
[Site "Jerusalem"]
[Date "2019.12.18"]
[Round "6.4"]
[White "Postny, Evgeny"]
[Black "Flom, Gabriel"]
[Result "1-0"]
[WhiteElo "2605"]
[BlackElo "2506"]
[Annotator "ChessBase"]
[PlyCount "129"]
[EventDate "2019.12.12"]
[EventType "swiss"]
[EventCountry "ISR"]
[SourceTitle "playchess.com"]
[Source "ChessBase"]
[SourceQuality "1"]
[TimeControl "5400+30"]

1. d4 {[%emt 0:01:04]} Nf6 {[%emt 0:08:38]} 2. Nf3 {[%emt 0:00:10]} d5 {[%emt 0:01:37]} 3. c4 {[%emt 0:00:09]} e6 {[%emt 0:00:02]} 4. g3 {[%emt 0:00:21]} Bb4+ {[%emt 0:01:19]} 5. Bd2 {[%emt 0:00:10]} Be7 {[%emt 0:00:04]} 6. Bg2 {[%emt 0:00:06]} O-O {[%emt 0:00:03]} 7. O-O {[%emt 0:00:12]} Nbd7 {[%emt 0:00:01]} 8. Qc2 {[%emt 0:00:22]} Ne4 {[%emt 0:01:40]} 9. Bf4 {[%emt 0:04:43]} c6 {[%emt 0:00:49]} 10. Nc3 {[%emt 0:00:19]} g5 {[%emt 0:00:03]} 11. Bc1 {[%emt 0:00:48]} f5 {[%emt 0:00:05]} 12. e3 {[%emt 0:03:20]} g4 {[%emt 0:06:54]} 13. Ne1 {[%emt 0:04:17]} Bd6 {[%emt 0:00:44]} 14. Ne2 {[%emt 0:04:30]} Rf7 {[%emt 0:03:27]} 15. Nd3 {[%emt 0:02:18]} h5 {[%emt 0:04:01]} 16. Nef4 {[%emt 0:07:29]} Ndf6 {[%emt 0:00:10]} 17. b3 {[%emt 1:08:12]} h4 {[%emt 0:07:52]} 18. Bb2 {[%emt 0:00:00]} Rh7 {[%emt 0:03:59]} 19. Rfd1 {[%emt 0:00:00]} Ng5 {[%emt 0:14:47]} 20. Ne5 {[%emt 0:00:00]} Nfe4 {[%emt 0:00:29]} 21. Kf1 {[%emt 0:00:00]} Bxe5 {[%emt 0:12:44]} 22. dxe5 {[%emt 0:00:00]} b6 {[%emt 0:00:06]} 23. Ke2 {[%emt 0:00:00]} Ba6 {[%emt 0:04:12]} 24. a4 {[%emt 0:00:00]} hxg3 {[%emt 0:02:06]} 25. hxg3 {[%emt 0:00:00]} Rh2 {[%emt 0:00:06]} 26. Rd4 {[%emt 0:00:00]} Qe7 {[%emt 0:04:00]} 27. Rh1 {[%emt 0:00:00]} Rxh1 {[%emt 0:05:31]} 28. Bxh1 {[%emt 0:00:00]} Kf7 {[%emt 0:00:35]} 29. Kd1 {[%emt 0:01:08]} Rh8 {[%emt 0:03:10]} 30. Bxe4 {[%emt 0:00:30]} Nxe4 {[%emt 0:00:03]} 31. Kc1 {[%emt 0:00:11]} Rh1+ {[%emt 0:02:01]} 32. Rd1 {[%emt 0:00:06]} Rh2 {[%emt 0:00:08]} 33. Kb1 {[%emt 0:02:03]} Rxf2 {[%emt 0:01:10]} 34. Qc1 {[%emt 0:00:06]} dxc4 {[%emt 0:04:25]} 35. bxc4 {[%emt 0:00:09]} Rh2 {[%emt 0:03:26]} 36. Rh1 {[%emt 0:01:54]} Rxh1 {[%emt 0:03:36]} 37. Qxh1 {[%emt 0:00:03]} Nxg3 {[%emt 0:01:43]} 38. Qh7+ {[%emt 0:01:44]} Ke8 {[%emt 0:00:01]} 39. Qg8+ {[%emt 0:00:08]} Kd7 {[%emt 0:00:03]} 40. Ng6 {[%emt 0:01:32]} Qe8 {[%emt 0:00:39]} 41. Qg7+ {[%emt 0:00:18]} Kc8 {[%emt 0:00:12]} 42. Qxa7 {[%emt 0:01:50]} Qxg6 {[%emt 0:00:42]} 43. Qxa6+ {[%emt 0:00:05]} Kd7 {[%emt 0:00:02]} 44. Qb7+ {[%emt 0:00:12]} Ke8 {[%emt 0:00:00]} 45. Qxc6+ {[%emt 0:00:36]} Kf7 {[%emt 0:00:01]} 46. Qd7+ {[%emt 0:00:51]} Kg8 {[%emt 0:00:00]} 47. Qd8+ {[%emt 0:00:25]} Kh7 {[%emt 0:00:02]} 48. Qe7+ {[%emt 0:00:36]} Kh6 {[%emt 0:00:23]} 49. c5 {[%emt 0:00:48]} bxc5 {[%emt 0:00:49]} 50. a5 {[%emt 0:00:04]} f4+ {[%emt 0:00:24]} 51. Ka2 {[%emt 0:00:04]} Nf5 {[%emt 0:00:55]} 52. Qf8+ {[%emt 0:00:19]} Qg7 {[%emt 0:00:06]} 53. Qxg7+ {[%emt 0:01:02]} Kxg7 {[%emt 0:00:19]} 54. exf4 {[%emt 0:00:07]} Ne7 {[%emt 0:02:14]} 55. Ba3 {[%emt 0:01:11]} Nc6 {[%emt 0:00:17]} 56. a6 {[%emt 0:00:05]} c4 {[%emt 0:01:21]} 57. Kb2 {[%emt 0:00:24]} g3 {[%emt 0:03:32]} 58. Bc5 {[%emt 0:00:57]} g2 {[%emt 0:00:28]} 59. a7 {[%emt 0:00:52]} Nxa7 {[%emt 0:00:14]} 60. Bxa7 {[%emt 0:00:05]} Kg6 {[%emt 0:00:04]} 61. Bg1 {[%emt 0:00:10]} Kf5 {[%emt 0:00:14]} 62. Bh2 {[%emt 0:00:08]} Ke4 {[%emt 0:00:21]} 63. Kc3 {[%emt 0:00:09]} Kd5 {[%emt 0:00:07]} 64. Bg1 {[%emt 0:00:15]} Ke4 {[%emt 0:00:00]} 65. Kxc4 {[%emt 0:02:53] Kd5+} 1-0

[Event "Israeli Open Championship 2019"]
[Site "Jerusalem"]
[Date "2019.12.18"]
[Round "6.5"]
[White "Baron, Tal"]
[Black "Shtemler, Lavi"]
[Result "1-0"]
[WhiteElo "2541"]
[BlackElo "2181"]
[Annotator "ChessBase"]
[PlyCount "78"]
[EventDate "2019.12.12"]
[EventType "swiss"]
[EventCountry "ISR"]
[SourceTitle "playchess.com"]
[Source "ChessBase"]
[SourceQuality "1"]
[TimeControl "5400+30"]

1. d4 {[%emt 0:02:00]} Nf6 {[%emt 0:00:00]} 2. c4 {[%emt 0:00:14]} e6 {[%emt 0:00:00]} 3. Nf3 {[%emt 0:02:46]} Bb4+ {[%emt 0:00:00]} 4. Nbd2 {[%emt 0:00:20]} O-O {[%emt 0:00:23]} 5. a3 {[%emt 0:00:05]} Be7 {[%emt 0:00:04]} 6. Qc2 {[%emt 0:03:46]} d5 {[%emt 0:03:10]} 7. g3 {[%emt 0:00:16]} b6 {[%emt 0:11:56]} 8. Bg2 {[%emt 0:03:11]} Bb7 {[%emt 0:03:45]} 9. O-O {[%emt 0:02:04]} Nbd7 {[%emt 0:01:47]} 10. b4 {[%emt 0:04:26]} c5 {[%emt 0:04:50]} 11. cxd5 {[%emt 0:00:54]} exd5 {[%emt 0:01:24]} 12. bxc5 {[%emt 0:00:36]} bxc5 {[%emt 0:01:36]} 13. Rb1 {[%emt 0:01:27]} Ba6 {[%emt 0:05:10]} 14. Re1 {[%emt 0:07:11]} Rb8 {[%emt 0:05:58]} 15. Bb2 {[%emt 0:02:32]} c4 {[%emt 0:02:52]} 16. Ne5 {[%emt 0:00:09]} Qc7 {[%emt 0:09:25]} 17. e4 {[%emt 0:06:34]} Rfc8 {[%emt 0:14:54]} 18. exd5 {[%emt 0:03:00]} Rxb2 {[%emt 0:10:10]} 19. Rxb2 {[%emt 0:02:53]} c3 {[%emt 0:03:31]} 20. Nc6 {[%emt 0:01:14]} cxb2 {[%emt 0:00:13]} 21. Rxe7 {[%emt 0:01:33]} Qd6 {[%emt 0:04:07]} 22. Qxb2 {[%emt 0:01:10]} Nxd5 {[%emt 0:02:55]} 23. Bxd5 {[%emt 0:09:59]} Qxd5 {[%emt 0:00:36]} 24. Nb4 {[%emt 0:00:02]} Qd6 {[%emt 0:01:00]} 25. Rxd7 {[%emt 0:00:13]} Qxd7 {[%emt 0:00:05]} 26. Nxa6 {[%emt 0:00:07]} Qe6 {[%emt 0:00:40]} 27. Nc5 {[%emt 0:00:31]} Qe1+ {[%emt 0:00:12]} 28. Kg2 {[%emt 0:00:16]} h6 {[%emt 0:02:20]} 29. Qb7 {[%emt 0:01:27]} Re8 {[%emt 0:03:26]} 30. Nf3 {[%emt 0:00:07]} Qe7 {[%emt 0:01:31]} 31. Qxe7 {[%emt 0:02:22]} Rxe7 {[%emt 0:00:00]} 32. Ne5 {[%emt 0:00:43]} f6 {[%emt 0:00:49]} 33. Nc6 {[%emt 0:01:28]} Rc7 {[%emt 0:00:21]} 34. d5 {[%emt 0:00:20]} Kf7 {[%emt 0:00:20]} 35. Kf3 {[%emt 0:00:20]} f5 {[%emt 0:00:53]} 36. Ke3 {[%emt 0:00:33]} Kf6 {[%emt 0:00:33]} 37. Kd4 {[%emt 0:00:12]} Rc8 {[%emt 0:00:13]} 38. Nxa7 {[%emt 0:00:24]} Ra8 {[%emt 0:00:16]} 39. Nb5 {[%emt 0:00:04]} Ke7 {[%emt 0:08:05] Ke4} 1-0

[Event "Israeli Open Championship 2019"]
[Site "Jerusalem"]
[Date "2019.12.18"]
[Round "6.6"]
[White "Gorodetzky, David"]
[Black "Soffer, Ram"]
[Result "1-0"]
[WhiteElo "2483"]
[BlackElo "2490"]
[Annotator "TA"]
[PlyCount "53"]
[EventDate "2019.12.12"]
[EventType "swiss"]
[EventCountry "ISR"]
[SourceTitle "playchess.com"]
[Source "ChessBase"]
[SourceQuality "1"]

{[%evp 13,53,18,37,36,32,25,23,8,9,14,8,9,54,67,51,55,61,57,80,77,369,364,581,586,583,554,539,458,552,358,445,333,452,446,441,427,575,556,618,547,570,429]} 1. d4 Nf6 2. c4 e6 3. Nc3 Bb4 4. e3 b6 5. Nge2 Ba6 6. a3 Be7 7. Nf4 d5 8. cxd5 {[#] Strongly threatening Bxa6. E45: Nimzo-Indian: Rubinstein: 4...b6 5 Ne2 Ba6} Bxf1 9. dxe6 Ba6 $1 (9... Bc4 10. Qa4+ b5 11. Nxb5 Bxb5 12. Qxb5+ c6 13. exf7+ Kxf7 14. Qb3+ Ke8 15. Ne6 Qd7 {0-1 (53) Kazhgaleyev,M (2587)-Piorun,K (2634) St Petersburg 2018}) 10. exf7+ {White has an edge.} Kxf7 11. e4 {Black must now prevent Qb3+.} Bc4 $1 12. Be3 {White wants to play e5.} Nc6 13. b3 {[%mdl 1024] White has compensation.} Ba6 14. b4 Bc4 {[#] And now ...Nxb4! would win.} 15. Rc1 $146 ({Predecessor:} 15. e5 Re8 {1-0 (48) Legky,N (2386)-Rooze,J (2369) Beirut 2014}) 15... Qd7 16. e5 Nxe5 $2 {[%mdl 8192]} (16... Ng4 17. Qf3) (16... g5 $16) 17. dxe5 $18 Qf5 (17... Rad8 {keeps fighting.} 18. exf6 Bxf6 19. Qxd7+ Rxd7) 18. exf6 Bxf6 19. Ncd5 b5 20. Nxf6 gxf6 21. Qc2 Qe5 22. Qc3 Qf5 23. f3 {White is clearly winning.} Rhe8 24. Kf2 Re7 25. Rhe1 Rae8 26. g3 c6 27. Qc2 {Accuracy: White = 70%, Black = 24%.} 1-0

[Event "Israeli Open Championship 2019"]
[Site "Jerusalem"]
[Date "2019.12.18"]
[Round "6.7"]
[White "Gorodetzky, Matan"]
[Black "Dvoirys, Semen I."]
[Result "1/2-1/2"]
[WhiteElo "2284"]
[BlackElo "2467"]
[Annotator "RC"]
[PlyCount "40"]
[EventDate "2019.12.12"]
[EventType "swiss"]
[EventCountry "ISR"]
[SourceTitle "playchess.com"]
[Source "ChessBase"]
[SourceQuality "1"]
[TimeControl "5400+30"]

1. e4 {[%emt 0:00:00]} c5 {[%emt 0:00:00]} 2. Nf3 {[%emt 0:00:18]} Nc6 {[%emt 0:00:23]} 3. Bb5 {[%emt 0:00:23]} g6 {[%emt 0:00:20]} 4. O-O {[%emt 0:01:02]} Bg7 {[%emt 0:00:05]} 5. Re1 {[%emt 0:00:38]} Nf6 {[%emt 0:00:45]} 6. c3 {[%emt 0:00:59]} a6 {[%emt 0:00:28]} 7. Bf1 {[%emt 0:03:03]} d6 {[%emt 0:12:57]} 8. h3 {[%emt 0:02:36]} e5 {[%emt 0:00:15]} 9. d4 {[%emt 0:14:55]} O-O {[%emt 0:06:25]} 10. dxc5 {[%emt 0:15:24]} dxc5 {[%emt 0:00:08]} 11. Qxd8 {[%emt 0:00:31]} Rxd8 {[%emt 0:00:06]} 12. a4 {[%emt 0:00:19]} Ne8 {[%emt 0:13:50]} 13. Be3 {[%emt 0:04:50]} b6 {[%emt 0:02:45]} 14. Nbd2 {[%emt 0:02:55]} Rb8 {[%emt 0:05:49]} 15. Red1 {[%emt 0:12:30]} Bf8 {[%emt 0:09:05]} 16. Bc4 {[%emt 0:00:40]} Kg7 {[%emt 0:00:14]} 17. Bd5 {[%emt 0:03:52]} Ne7 {[%emt 0:00:10]} 18. Bb3 {[%emt 0:01:05]} Nc6 {[%emt 0:00:49]} 19. Bd5 {[%emt 0:00:11]} Ne7 {[%emt 0:00:10]} 20. Bb3 {[%emt 0:02:21]} Nc6 {[%emt 0:07:18]} 1/2-1/2